Andorra Fact-File - Statistics

General Stats
  • This quiz has been taken 5 times
  • The average score is 9 of 14
Answer Stats
Hint Answer % Correct
Capital City Andorra la Vella
100%
Largest City (By Population) Andorra la Vella
100%
Official Language Catalan
100%
Currency Euro
100%
Continent Europe
100%
Bordering Country France
100%
Bordering Country Spain
100%
Most popular sport Football
80%
Driving Side Right
80%
Highest Point Coma Pedrosa
20%
Calling Code +376
0%
Tallest Building Caldea Hotel
0%
National Animal Cow
0%
National Anthem (English Name) The Great Charlemagne
0%
No matching quizzes found
Score Distribution
Percent of People with Each Score
Percentile by Number Answered
Your Score History
You have not taken this quiz